|
|
|
|
| LEADER |
00000nam a2200000 i 4500 |
| 001 |
1/78570 |
| 008 |
980826s1979 fre d |
| 020 |
|
|
|a 2-02-005310-1
|
| 035 |
|
|
|l 10032959
|
| 035 |
|
|
|a 1990
|b 3
|c Αναγνωστοπούλου
|
| 040 |
|
|
|a GR-MY-UA
|b gre
|e aacr
|
| 041 |
0 |
|
|a fre
|
| 082 |
0 |
|
|a 801.95
|2 (19)
|
| 100 |
1 |
|
|a Genette, Gerard
|d 1930-
|
| 245 |
1 |
0 |
|a Introduction a l'architexte /
|c Gerard Genette
|
| 260 |
|
|
|a Paris :
|b Seuil,
|c 1979
|
| 300 |
|
|
|a 89 p.;
|b diagrs.;
|c 19 cm
|
| 490 |
1 |
|
|a Collection Poetique
|
| 504 |
|
|
|a Περιέχει βιβλιογραφικές παραπομπές
|
| 650 |
0 |
0 |
|a Literary form.
|
| 650 |
0 |
0 |
|a Poetics.
|
| 830 |
|
0 |
|a Poetique
|
| 852 |
|
|
|a INST
|b RHODES
|e 19980826
|h 801.95 GEN
|p 005400004141
|q 005400004141
|t BK
|y 0
|
| 909 |
|
|
|a Ρ
|b 018097
|c 1990
|